|
|
|
|
| LEADER |
01724nam a2200421 a 4500 |
| 001 |
000013786 |
| 003 |
CZ BrMZK |
| 005 |
20260311063348.0 |
| 007 |
ta |
| 008 |
940608s1994 xr e 000 cze d |
| 015 |
|
|
|a cnb000085734
|
| 020 |
|
|
|a 80-85787-55-5
|c 18.00
|
| 035 |
|
|
|a (OCoLC)39575906
|
| 040 |
|
|
|a BOA001
|b cze
|
| 044 |
|
|
|a xr
|a xr
|
| 072 |
|
7 |
|a 330.8
|x Ekonomické teorie, doktríny, směry
|2 Konspekt
|9 4
|
| 080 |
|
|
|a 330.8(091)
|2 MRF
|
| 080 |
|
|
|a (048.8)
|2 MRF
|
| 100 |
1 |
|
|a Holman, Robert,
|d 1953-
|7 jn20000400997
|4 aut
|
| 245 |
1 |
0 |
|a Vývoj ekonomického myšlení /
|c Robert Holman
|
| 250 |
|
|
|a 1. vyd.
|
| 260 |
|
|
|a Jinočany :
|b H & H ;
|a Praha :
|b Liberální institut,
|c 1994
|
| 300 |
|
|
|a 56 s.
|
| 500 |
|
|
|a Vyd. Liberální institut, Praha
|
| 500 |
|
|
|a Dostupné též v digitální podobě v aplikaci Kramerius
|
| 650 |
0 |
7 |
|a dějiny ekonomických teorií
|7 ph492497
|2 czenas
|
| 650 |
0 |
9 |
|a history of economic thought
|2 eczenas
|
| 655 |
|
7 |
|a přehledy
|7 fd133202
|2 czenas
|
| 655 |
|
9 |
|a surveys
|2 eczenas
|
| 856 |
4 |
1 |
|u http://www.digitalniknihovna.cz/mzk/uuid/uuid:6b98de70-9b8c-11ec-8353-005056827e51
|y Digitalizovaný dokument
|x NDK
|
| 910 |
|
|
|a BOA001
|b 2-0999.517
|b PK-0121.504
|b TK-0254.741
|
| 920 |
|
|
|a 000026541
|
| 920 |
|
|
|a 000032194
|
| 990 |
|
|
|a BK
|
| 996 |
6 |
|
|b 2610009308
|c 2-0999.517
|l MZK
|r Sklad / do 1 hodiny
|n 65
|p p.v.
|w 000013786
|u 000010
|a 1
|e BOA001
|j MZK50
|s P
|
| 996 |
7 |
|
|b 2620000705
|c TK-0254.741
|l MZK
|r Sklad / do 24 hodin
|n 32
|p kup
|w 000013786
|u 000040
|a 1
|e BOA001
|j MZK50
|s A
|
| 996 |
7 |
|
|b 2629971159
|c TK-0254.741
|l MZK
|r Sklad / do 24 hodin
|n 38
|w 000013786
|u 000060
|a 1
|e BOA001
|j MZK50
|s A
|
| 996 |
7 |
|
|b 2629972813
|c TK-0254.741
|l MZK
|r Sklad / do 24 hodin
|n 37
|w 000013786
|u 000030
|a 1
|e BOA001
|j MZK50
|s A
|